000 00525nmm a2200169Ia 4500
008 251105s9999||||xx |||||||||||||||||und||
020 _a9788490656815
041 _aspa
100 _aSalís, Marta
245 0 _aViajeros :
_b De Jonathan Swift a Alan Hollinghurst
264 _a[Madrid, España] :
_bAlba Editorial,
_c[Fecha de publicación no identificada]
300 _a896 páginas
490 _aClásica Maior
650 _aOther narratives
856 _uhttps://public.digitaliapublishing.com/a/80289
942 _cCF
999 _c87817
_d87817